Месторождения полезных ископаемых района практик (Хакасия): учебное пособие

গ্রন্থ-পঞ্জীর বিবরন
প্রধান লেখক: Иванкин Г. А. Георгий Алексеевич
ভাষা:রুশ
প্রকাশিত: Томск, Изд-во ТПИ, 1978
বিষয়গুলি:
বিন্যাস: গ্রন্থ
KOHA link:https://koha.lib.tpu.ru/cgi-bin/koha/opac-detail.pl?biblionumber=34583

MARC

LEADER 00000nam0a2200000 4500
001 34583
005 20231030225856.0
035 |a (RuTPU)RU\TPU\book\34985 
035 |a BOOK00001636 
090 |a 34583 
100 |a 20011210d1978 m y0rusy50 ca 
101 0 |a rus 
102 |a RU 
105 |a a j 000zy 
200 1 |a Месторождения полезных ископаемых района практик (Хакасия)  |e учебное пособие  |f Г. А. Иванкин 
210 |a Томск  |c Изд-во ТПИ  |d 1978 
215 |a 95 с. 
610 1 |a геология 
610 1 |a полезные ископаемые 
610 1 |a месторождения 
610 1 |a Хакасия 
610 1 |a геологическое строение 
610 1 |a учебные пособия 
675 |a 553(С18)(075.8)  |v 3 
700 1 |a Иванкин  |b Г. А.  |g Георгий Алексеевич 
801 0 |a RU  |b 63413507  |c 20011210  |g PSBO 
801 2 |a RU  |b 63413507  |c 20141112  |g PSBO 
900 |a Структурная геология 
942 |c BK